Deir el-Gebrawi
Αποθηκεύτηκε σε:
| Κύριος συγγραφέας: | |
|---|---|
| Μορφή: | Βιβλίο |
| Γλώσσα: | English |
| Δημοσίευση: |
[Oxford] :
[Aris and Phillips],
[2005-2007]
|
| Σειρά: | Reports (Australian Centre for Egyptology)
; 23 ; 25 |
| Θέματα: | |
| Ετικέτες: |
Προσθήκη ετικέτας
Δεν υπάρχουν, Καταχωρήστε ετικέτα πρώτοι!
|
MARC
| LEADER | 00000nam a2200000 i 4500 | ||
|---|---|---|---|
| 001 | 1/74068 | ||
| 008 | 080209m20052007 eng d | ||
| 020 | |a 978-0-85668-808-9 (τ.2) | ||
| 020 | |a 0-85668-807-x (τ.1) | ||
| 035 | |l 10094545 | ||
| 040 | |a GR-MY-UA |b gre |e aacr | ||
| 041 | 0 | |a eng | |
| 082 | 0 | |a 932 |2 (22) | |
| 100 | 1 | |a Kanawati, Naguib. | |
| 245 | 1 | 0 | |a Deir el-Gebrawi / |c N. Kanawati ; with contributions by E. Alexakis...[κ.ά.] |
| 260 | |a [Oxford] : |b [Aris and Phillips], |c [2005-2007] | ||
| 300 | |a 2 τ.; |b χάρτες, φωτ., αναδιπλ. φύλλα; |c 29 εκ. | ||
| 490 | 1 | |a The Australian Centre for Egyptology |v ; 23 |v ; 25 | |
| 504 | |a Περιλαμβάνει βιβλιογραφίες και ευρετήριο | ||
| 505 | 0 | |a Τ.1. The northern cliff.τ.2. The southern cliff ; The tombs of Ibi and others | |
| 650 | 0 | 0 | |a Tombs |z Egypt |z Deir el-Gebrawi Site. |
| 650 | 0 | 0 | |a Excavations (Archaeology) |z Egypt. |
| 651 | 0 | |a Deir el-Gebrawi Site (Egypt) | |
| 700 | 1 | |a Αλεξάκη, Έφη. |4 dst | |
| 740 | 0 | 2 | |a The northern cliff |
| 740 | 0 | 2 | |a The southern cliff |
| 830 | 0 | |a Reports (Australian Centre for Egyptology) |v ; 23 |v ; 25 | |
| 852 | |a INST |b RHODES |e 20080414 |h 932 KAN |p 005400029321 |q 005400029321 |t BK |y 0 |z τ.2 | ||
| 852 | |a INST |b RHODES |e 20080209 |h 932 KAN |p 005400030005 |q 005400030005 |t BK |y 0 |z τ.1 | ||
| 852 | |a INST |b RHODES |e 20080414 |h 932 KAN |p 005400029321 |q 005400029321 |t BK |v τ.2: |y 0 |z τ.2 | ||
| 852 | |a INST |b RHODES |e 20080209 |h 932 KAN |p 005400030005 |q 005400030005 |t BK |v τ.1: |y 0 |z τ.1 | ||
| 853 | |a INST |b RHODES |h 932 KAN | ||
| 901 | |a BIBL4-2008-1 | ||
| 909 | |a Ρ |b 145337 | ||
| 909 | |a Ρ |b 151985 | ||
| 922 | |a 4ΕΛΗ |b 200801 |c ΕΠΕΑΕΚ2/ΤΜΣ |d ΠΑΠΑΣΩΤΗΡΙΟΥ | ||
| 922 | |a 4ΕΛΗ |b 200803 |c ΕΠΕΑΕΚ2/ΤΜΣ |d ΕΛΕΥΘΕΡΟΥΔΑΚΗΣ | ||
| 970 | |a ΧΑΡΙΟΠΟΛΙΤΟΥ |b ΚΩΝΣΤΑΝΤΙΝΑ |z 2008/02/09 | ||